Constitución Política de Nicaragua

Enregistré dans:
Détails bibliographiques
Collectivité auteur: La Gaceta
Format: Texte
Publié: Managua: La Gaceta
Tags: Ajouter un tag
Pas de tags, Soyez le premier à ajouter un tag!

MARC

LEADER 00000 a a2200000 04500
001 23109
003
040
090 |a 158900  
110 |a La Gaceta  
245 |a Constitución Política de Nicaragua  
260 |a Managua:   |b La Gaceta  
300 |a p. irreg.  
999 |c 16330  |d 16330